| 000 -ლიდერი |
| ფიქსირებული სიგრძის საკონტროლო ველი |
01164nam a22002177a 4500 |
| 003 - საკონტროლო ნომრის იდენტიფიკატორი |
| საკონტროლო ველი |
Ge_BSU |
| 005 - ბოლო ოპერაციის თარიღი და დრო |
| საკონტროლო ველი |
20191002114236.0 |
| 008 - ფიქსირებული სიგრძის მონაცემთა ელემენტები - ზოგადი ინფორმაცია |
| ფიქსირებული სიგრძის საკონტროლო ველი |
191002s2019 ge ||||| |||| 00| 0 geo d |
| 020 ## - წიგნის საერთაშორისო სტანდარტული ნომერი |
| International Standard Book Number |
9789941106781 |
| 041 ## - ენის კოდი |
| Language code of text/sound track or separate title |
geo |
| 080 ## - უნივერსალური ათობითი კლასიფიკაციის ინდექსი |
| Universal Decimal Classification number |
34(09) ს-21 |
| 245 ## - ცნობა სათაურის შესახებ |
| Title |
სამართლისა და პოლიტიკური აზროვნების ისტორიის ნარკვევები : IV წიგნი : კრებული / |
| Statement of responsibility, etc |
რედ : გოჩა ფერაძე. |
| 264 ## - წარმოების, გამოცემის, დისტრიბუციის და სხვა ცნობები |
| გამოცემის, წარმოების, დისტრიბუციის... ადგილი |
თბილისი : |
| გამოცემის, წარმოების, დისტრიბუციის... სახელწოდება |
მერიდიანი, |
| გამოცემის, წარმოების, დისტრიბუციის... თარიღი |
2019. |
| 300 ## - ფიზიკური აღწერა |
| Extent |
1167 გვ. : |
| Other physical details |
ცხრ. ; |
| Dimensions |
20 სმ. |
| 504 ## - BIBLIOGRAPHY, ETC. NOTE |
| Bibliography, etc |
ბიბლოგრაფ.გვ: 1124-1149 |
| 546 ## - LANGUAGE NOTE |
| Language note |
პარალელური თავფურცელი ინგლისურ ენაზე |
| 653 ## - INDEX TERM--UNCONTROLLED |
| Uncontrolled term |
სამართალი |
| 700 ## - ADDED ENTRY--PERSONAL NAME |
| Personal name |
ფერაძე , გოჩა |
| Relator term |
რედაქტორი |
| 9 (RLIN) |
4434 |
| 710 ## - ADDED ENTRY--CORPORATE NAME |
| Relator term |
თინათინ წერეთლის სახელმწიფოსა და სამართლის ინსტიტუტი |
| 9 (RLIN) |
4435 |
| 942 ## - ADDED ENTRY ELEMENTS (KOHA) |
| Source of classification or shelving scheme |
|
| Koha item type |
წიგნი |